| 000 | 00364nam a2200133Ia 4500 | ||
|---|---|---|---|
| 008 | 220217s9999||||xx |||||||||||||| ||und|| | ||
| 020 | _a9788126533695 | ||
| 082 | _a004.68 KAR | ||
| 100 | _aKarl, Holger and Willing, Andreas | ||
| 245 | 0 | _aProtocols and architectures | |
| 260 |
_aWiley india _bNew Delhi _c2018 |
||
| 300 |
_aXXV, 497p. _b759 |
||
| 650 | _aWWW | ||
| 999 |
_c188479 _d188479 |
||